|
|
|
|
| LEADER |
01184nam a2200385 4500 |
| 001 |
DLU090096968 |
| 005 |
##20091201 |
| 040 |
# |
# |
|a DLU
|b eng
|
| 041 |
# |
# |
|a eng
|
| 044 |
# |
# |
|a us
|
| 245 |
# |
# |
|a Multiplexed liquid arrays for simultaneous detection of simulants of biological warfare agents /
|c Mary T. McBride ... [et al.].
|
| 653 |
# |
# |
|a Chemical warfare agent
|
| 653 |
# |
# |
|a Dose response relationships
|
| 653 |
# |
# |
|a Immunological method
|
| 653 |
# |
# |
|a Simulation
|
| 653 |
# |
# |
|a Simultaneous measurement
|
| 700 |
# |
# |
|a Aldrich, Jennifer.
|
| 700 |
# |
# |
|a Colston, Bill.
|
| 700 |
# |
# |
|a Gammon, Stuart.
|
| 700 |
# |
# |
|a Kodumudi S. Venkateswaran.
|
| 700 |
# |
# |
|a Langlois, Richard G.
|
| 700 |
# |
# |
|a McBride, Mary T.
|
| 700 |
# |
# |
|a O'Brien, Thomas W.
|
| 700 |
# |
# |
|a Pitesky, Maurice.
|
| 700 |
# |
# |
|a Smith, Thomas.
|
| 773 |
# |
# |
|t Analytical Chemistry
|g Vol. 75, no. 8 (April 2003), p. 1924-1930
|
| 920 |
# |
# |
|a Phòng Tạp chí -- Trung tâm Thông tin - Thư viện Trường Đại học Đà Lạt
|
| 994 |
# |
# |
|a DLU
|
| 900 |
# |
# |
|a True
|
| 911 |
# |
# |
|a Trương Bảo Trâm Anh
|
| 925 |
# |
# |
|a G
|
| 926 |
# |
# |
|a A
|
| 927 |
# |
# |
|a BB
|
| 980 |
# |
# |
|a Thư viện Trường Đại học Đà Lạt
|